Mario Kart World Battle Stages - Statistics

General Stats
  • This quiz has been taken 25 times
  • The average score is 6 of 8
Answer Stats
Game Stage % Correct
N64 Big Donut
83%
Switch 2 Peach Stadium
83%
GCN Dino Dino Jungle
78%
Wii Moo Moo Meadows
78%
DS DK Pass
72%
Switch 2 Mario Bros. Circuit
67%
Switch 2 Salty Salty Speedway
61%
Switch 2 Chain Chomp Desert
56%
No matching quizzes found
Score Distribution
Percent of People with Each Score
Percentile by Number Answered
Your Score History
You have not taken this quiz